LIBRARY & INFORMATION CENTRE, KCAET, TAVANUR

ONLINE PUBLIC ACCESS CATALOGUE (OPAC)

Youth participation in agriculture and development / (Record no. 8710)

MARC details
000 -LEADER
fixed length control field 00411cam a2200157ua 4500
041 ## - LANGUAGE CODE
Language code of text/sound track or separate title eng
082 ## - DEWEY DECIMAL CLASSIFICATION NUMBER
Classification number 630.2
Item number GAN/YO
100 ## - MAIN ENTRY--AUTHOR NAME
Personal name Ganorkar, P L .
245 ## - TITLE STATEMENT
Title Youth participation in agriculture and development /
250 ## - EDITION STATEMENT
Edition statement 1 /
260 ## - PUBLICATION, DISTRIBUTION, ETC. (IMPRINT)
Place of publication Allahabad :
Name of publisher Chugh publications ,
Year of publication 1978.
300 ## - PHYSICAL DESCRIPTION
Number of Pages 149 ; .
942 ## - ADDED ENTRY ELEMENTS (KOHA)
Koha item type Books
Holdings
Withdrawn status Lost status Damaged status Home library Current library Date acquired Full call number Accession Number Koha item type
      KAUAET KAUAET 07/04/2012 630.2 14486 Books
free website counter